000 00328nam a2200109Ia 4500
008 180205s9999 xx 000 0 und d
020 _a9710868918
100 _aNolledo, Jose N.
245 4 _aThe constitution of the republic of the Philippines /
260 _aMandaluyong City
_bNational bookstore
_c2008
300 _av, 244 pages
999 _c354715
_d354715